[Event "Dhaka Zia Memorial"]
[Site "Dhaka"]
[Date "2025.07.06"]
[Round "3"]
[White "Ghosh, Chanchal Kumer"]
[Black "Md Rabiul, Hossain"]
[Result "1-0"]
[WhiteElo "2018"]
[BlackElo "1902"]
[PlyCount "80"]
[EventDate "2025.07.05"]
[EventType "swiss"]
[EventRounds "9"]
[EventCountry "BAN"]
[SourceTitle "CB29_2025"]
[SourceDate "2025.07.16"]
[SourceVersion "1"]
[SourceVersionDate "2025.07.16"]
[SourceQuality "1"]

1. e4 Nc6 2. d4 e5 3. dxe5 Nxe5 4. f4 Nc6 5. Bc4 d6 6. Nf3 Be7 7. 0-0 Nf6 8. Nc3 0-0 9. h3 h6 10. a3 Be6 11. Bd3 Re8 12. Bd2 Bf8 13. Kh2 a6 14. Rg1 Nh7 15. g4 g5 16. Qc1 f6 17. Nd5 Bf7 18. c4 Bg6 19. Qc2 Bg7 20. Rae1 Nf8 21. Rgf1 Nd7 22. b4 Nf8 23. b5 Ne7 24. f5 Bf7 25. Qb2 Nxd5 26. cxd5 Nd7 27. Nd4 Ne5 28. Be2 Qd7 29. bxa6 bxa6 30. Qc3 Reb8 31. Rb1 Qa4 32. Rb4 Rxb4 33. axb4 Qd7 34. Ra1 Qc8 35. Ra3 Qb7 36. Qa1 c5 37. bxc5 dxc5 38. Bxa6 Rxa6 39. Rxa6 cxd4 40. Ra8+ Bf8 1-0